| 000 | 00575nam a22001817a 4500 | ||
|---|---|---|---|
| 005 | 20141028095446.0 | ||
| 008 | 141028b xxu||||| |||| 00| 0 eng d | ||
| 050 |
_aTD 146 _b.H521 2000 |
||
| 100 | _aJ. Glynn Henry. | ||
| 245 |
_aEnvironmental science and engineering / _cJ. Glynn Henry and Garry W. Heinke. |
||
| 250 | _a2nd ed. | ||
| 260 |
_aPhilippines : _bPearson Education Asia Pte Ltd., _c2000. |
||
| 300 |
_a788 pages : _billustration ; _c21 cm. |
||
| 504 | _aIncludes Index. | ||
| 650 | _aEnvironmental science. | ||
| 650 | _aEngineering. | ||
| 942 |
_2lcc _cBK _kLOC |
||
| 999 |
_c276690 _d276690 |
||